Essay and letters for senior classes

Bibliographic Details
Main Author: Castro, Doreen de
Format: Book
Published: India : Sunrise Publishers
Subjects:

MARC

LEADER 00000cam a2200000 7i4500
001 0000086189
005 20201220.0
008 201216
020 |a 9788178131559 
041 0 |a English 
090 0 0 |a 808.6   |b CAS 
100 1 |a Castro, Doreen de 
245 1 0 |a Essay and letters for senior classes   |c Doreen de Castro 
260 |a India :   |b Sunrise Publishers 
300 |a 224 p. ;   |c 20.8 cm. 
541 0 0 |c Purchased on 2020   |f 0707-02 HAN   |h RM22.00 
650 0 |a Essays and letters 
999 |a 0001647958   |b Book   |c Adult Collection   |e Cawangan Bandar Penawar 
999 |a 0001647959   |b Book   |c Adult Collection   |e Cawangan Tmn. Ungku Tun Aminah 
999 |a 0001647961   |b Book   |c Adult Collection   |e Cawangan Tangkak 
999 |a 0001647962   |b Book   |c Adult Collection   |e Cawangan Bandar Tenggara 
999 |a 0001647963   |b Book   |c Adult Collection   |e Cawangan Taman Sri Lambak 
999 |a 0001647964   |b Book   |c Adult Collection   |e Cawangan Pontian 
999 |a 0001647965   |b Book   |c Adult Collection   |e Cawangan Kota Tinggi 
999 |a 0001647966   |b Book   |c Adult Collection   |e Cawangan Mersing 
999 |a 0001647967   |b Book   |c Adult Collection   |e Cawangan Muar 
999 |a 0001647968   |b Book   |c Adult Collection   |e Cawangan Segamat 
999 |a 0001647969   |b Book   |c Adult Collection   |e Cawangan Batu Pahat 
999 |a 0001647970   |b Book   |c Adult Collection   |e Cawangan Bukit Gambir 
999 |a 0001649329   |b Book   |c Adult Collection   |e Perbadanan Perpustakaan Awam Johor 
999 |a 0001649330   |b Book   |c Adult Collection   |e Perbadanan Perpustakaan Awam Johor 
999 |a 0001649331   |b Book   |c Adult Collection   |e Cawangan AEON Kulaijaya 
999 |a 0001649332   |b Book   |c Adult Collection   |e Cawangan Urban Transformation Centre